[Event "GRE-ch South U16 Girls"]
[Site "Athens"]
[Date "2020.09.01"]
[Round "5"]
[White "Aggeletou, Fereniki"]
[Black "Sarantou, Angeliki"]
[Result "0-1"]
[WhiteElo "1186"]
[BlackElo "1057"]
[PlyCount "59"]
[EventDate "2020.08.28"]
[EventType "swiss"]
[EventRounds "9"]
[EventCountry "GRE"]
[SourceTitle "EXT 2023"]
[Source "ChessBase"]
[SourceDate "2022.10.05"]
[SourceVersion "1"]
[SourceVersionDate "2022.10.05"]
[SourceQuality "1"]

1. c4 e5 2. Nc3 Nf6 3. Nf3 Nc6 4. e3 Be7 5. d4 exd4 6. exd4 0-0 7. Be2 d5 8. b3 Bg4 9. Ne5 Bb4 10. Nxg4 Bxc3+ 11. Bd2 Bxa1 12. Nxf6+ gxf6 13. Qxa1 dxc4 14. Bxc4 Re8+ 15. Be3 Qxd4 16. Qc1 Qe4 17. 0-0 Ne5 18. Qb2 Nxc4 19. bxc4 Qc6 20. Qe2 f5 21. h4 Qg6 22. Qb2 b6 23. Bg5 Re6 24. Rd1 Rd6 25. Re1 f6 26. Qb3 c5 27. Bf4 Rd7 28. Re3 Qh5 29. Qc3 Rd1+ 30. Re1 0-1

[Event "GRE-ch South U16 Girls"]
[Site "Athens"]
[Date "2020.08.29"]
[Round "2"]
[White "Aggeletou, Fereniki"]
[Black "Pasoglou, Nikoleta"]
[Result "0-1"]
[WhiteElo "1186"]
[BlackElo "1382"]
[PlyCount "68"]
[EventDate "2020.08.28"]
[EventType "swiss"]
[EventRounds "9"]
[EventCountry "GRE"]
[SourceTitle "EXT 2023"]
[Source "ChessBase"]
[SourceDate "2022.10.05"]
[SourceVersion "1"]
[SourceVersionDate "2022.10.05"]
[SourceQuality "1"]

1. c4 e5 2. Nc3 Nf6 3. Nf3 Nc6 4. e3 Bc5 5. d4 exd4 6. exd4 Qe7+ 7. Be2 Bb6 8. 0-0 d6 9. Re1 0-0 10. Bg5 Ba5 11. Bd3 Qd8 12. a3 Bxc3 13. bxc3 h6 14. Bh4 g5 15. Qd2 Nh7 16. Bxh7+ Kxh7 17. Bg3 Bf5 18. d5 Na5 19. Nd4 Bg6 20. f4 Kg8 21. fxg5 hxg5 22. Nf3 Nxc4 23. Qxg5 Qxg5 24. Nxg5 Rfe8 25. Kf2 Nb6 26. Red1 Re7 27. Rd2 Rae8 28. Nf3 Nc4 29. Rd4 Na5 30. Re1 Rxe1 31. Nxe1 Nb3 32. Rg4 Kf8 33. Bh4 Nc5 34. Bf6 Ne4+ 0-1

[Event "Heraklion op 27th"]
[Site "Heraklion"]
[Date "2019.09.04"]
[Round "3"]
[White "Petratos, Georgios"]
[Black "Aggeletou, Fereniki"]
[Result "0-1"]
[WhiteElo "1567"]
[BlackElo "1178"]
[PlyCount "46"]
[EventDate "2019.09.03"]
[EventType "swiss"]
[EventRounds "9"]
[EventCountry "GRE"]
[SourceTitle "EXT 2020"]
[Source "ChessBase"]
[SourceDate "2019.10.17"]
[SourceVersion "1"]
[SourceVersionDate "2019.10.17"]
[SourceQuality "1"]

1. e4 e5 2. Nf3 Nc6 3. Nc3 Nf6 4. d4 exd4 5. Nd5 d6 6. Nxd4 Ne7 7. Nxf6+ gxf6 8. Bc4 Ng6 9. 0-0 Bg7 10. Re1 0-0 11. Be3 a6 12. Qd2 b5 13. Bd5 Rb8 14. Nc6 Qe8 15. Nxb8 Kh8 16. Rad1 Rg8 17. Nc6 Nh4 18. Kh1 Bf8 19. Rg1 Bg4 20. h3 Qd7 21. hxg4 Qxg4 22. e5 Nf3 23. Bg5 Qh5+ 0-1

[Event "Heraklion op 24th"]
[Site "Heraklion"]
[Date "2018.09.03"]
[Round "1"]
[White "Fragiadakis, Emanouel"]
[Black "Aggeletou, Fereniki"]
[Result "1-0"]
[WhiteElo "1784"]
[BlackElo "1140"]
[PlyCount "41"]
[EventDate "2018.09.03"]
[EventType "swiss"]
[EventRounds "9"]
[EventCountry "GRE"]
[SourceTitle "CBM 186 Extra"]
[Source "ChessBase"]
[SourceDate "2018.08.24"]
[SourceVersion "1"]
[SourceVersionDate "2018.08.24"]
[SourceQuality "1"]

1. d4 d5 2. Bf4 Nf6 3. e3 e6 4. Nd2 c5 5. c3 Nc6 6. Ngf3 Bd7 7. Bd3 Be7 8. h3 0-0 9. Ne5 cxd4 10. exd4 Ne8 11. Qh5 h6 12. 0-0 Bg5 13. Bxg5 f6 14. Nxd7 fxg5 15. Nxf8 Nf6 16. Qe2 Qxf8 17. Qxe6+ Kh8 18. Rae1 Re8 19. Qf5 Kg8 20. Re6 Rxe6 21. Qxe6+ 1-0

[Event "GRE-ch U14 Girls"]
[Site "Rio Achaia"]
[Date "2018.07.04"]
[Round "3"]
[White "Vakali, Athina"]
[Black "Aggeletou, Fereniki"]
[Result "1-0"]
[WhiteElo "1194"]
[BlackElo "1178"]
[PlyCount "75"]
[EventDate "2018.07.03"]
[EventType "swiss"]
[EventRounds "9"]
[EventCountry "GRE"]
[SourceTitle "EXT 2019"]
[Source "ChessBase"]
[SourceDate "2018.10.10"]
[SourceVersion "1"]
[SourceVersionDate "2018.10.10"]
[SourceQuality "1"]

1. e4 e5 2. Nf3 Nc6 3. Bb5 a6 4. Ba4 Bc5 5. d3 d6 6. c3 Nf6 7. 0-0 h6 8. Re1 0-0 9. Nbd2 Ne7 10. Nf1 Ng6 11. Ng3 d5 12. exd5 Nxd5 13. Bb3 c6 14. Qc2 Qd6 15. Be3 Bg4 16. Bxc5 Qxc5 17. Nxe5 Nxe5 18. Rxe5 Rfe8 19. d4 Qd6 20. Rae1 Bd7 21. Nf5 Rxe5 22. dxe5 Bxf5 23. Qxf5 Re8 24. Re4 Qc7 25. e6 fxe6 26. Rxe6 Qf7 27. Rxe8+ Qxe8 28. Bxd5+ cxd5 29. Qxd5+ Kh7 30. Kf1 Qg6 31. Qd1 Qf5 32. Kg1 Qe4 33. h3 Qe6 34. b3 Qe5 35. Qc2+ Kg8 36. Qd2 Qa5 37. g3 Qe5 38. c4 1-0

[Event "Heraklion op 18th"]
[Site "Heraklion"]
[Date "2016.09.03"]
[Round "1"]
[White "Ventura Bolet, Maxim"]
[Black "Aggeletou, Fereniki"]
[Result "1-0"]
[WhiteElo "2250"]
[BlackElo "1379"]
[PlyCount "33"]
[EventDate "2016.09.03"]
[EventType "swiss"]
[EventRounds "9"]
[EventCountry "GRE"]
[SourceTitle "CBM 174 Extra"]
[Source "ChessBase"]
[SourceDate "2016.10.10"]
[SourceVersion "1"]
[SourceVersionDate "2016.10.10"]
[SourceQuality "1"]

1. Nf3 d5 2. c4 c6 3. e3 Nf6 4. Nc3 Nbd7 5. Qc2 e5 6. cxd5 cxd5 7. Nb5 Bc5 8. Nxe5 Bb6 9. Nd6+ Ke7 10. Ndxf7 Qf8 11. b3 Bc5 12. Nxh8 Qxh8 13. Nxd7 Nxd7 14. Be2 g6 15. Bb2 d4 16. exd4 Bxd4 17. Qe4+ 1-0